00345nam a2200145Ia 4500003000500000008004100005020001800046040001900064082000700083100001800090245004100108260003000149300000800179546001200187STCL181203s9999 xx 000 0 und d a9788120316287 aSTCLbENcSTCL 222 aKumaresan, S. 0aLinear Algebra: A Geometric Approach bPHI LearningaDelhic2013 a218 aEnglish